<?xml version="1.0" encoding="UTF-8"?><?xml-stylesheet type="text/xsl" href="static/style.xsl"?><OAI-PMH xmlns="http://www.openarchives.org/OAI/2.0/" xmlns:xsi="http://www.w3.org/2001/XMLSchema-instance" xsi:schemaLocation="http://www.openarchives.org/OAI/2.0/ http://www.openarchives.org/OAI/2.0/OAI-PMH.xsd"><responseDate>2026-04-17T02:51:55Z</responseDate><request verb="GetRecord" identifier="oai:www.recercat.cat:2117/449273" metadataPrefix="marc">https://recercat.cat/oai/request</request><GetRecord><record><header><identifier>oai:recercat.cat:2117/449273</identifier><datestamp>2025-12-19T15:51:20Z</datestamp><setSpec>com_2072_1033</setSpec><setSpec>col_2072_452951</setSpec></header><metadata><record xmlns="http://www.loc.gov/MARC21/slim" xmlns:dcterms="http://purl.org/dc/terms/" xmlns:xsi="http://www.w3.org/2001/XMLSchema-instance" xmlns:doc="http://www.lyncode.com/xoai" xsi:schemaLocation="http://www.loc.gov/MARC21/slim http://www.loc.gov/standards/marcxml/schema/MARC21slim.xsd">
   <leader>00925njm 22002777a 4500</leader>
   <datafield ind2=" " ind1=" " tag="042">
      <subfield code="a">dc</subfield>
   </datafield>
   <datafield ind2=" " ind1=" " tag="720">
      <subfield code="a">Albà González, Martina</subfield>
      <subfield code="e">author</subfield>
   </datafield>
   <datafield ind2=" " ind1=" " tag="260">
      <subfield code="c">2025-06-26</subfield>
   </datafield>
   <datafield ind2=" " ind1=" " tag="520">
      <subfield code="a">En el món actual, on les dades impulsen cada decisió, les organitzacions depenen de sistemes digitals avançats per recopilar, processar i analitzar grans quantitats d'informació. A mesura que aquests sistemes creixen i es tornen més complexos, és essencial disposar d'eines de monitorització sòlides que puguin detectar ràpidament els problemes i oferir informació en temps real sobre els processos clau. Una monitorització efectiva ja no és opcional, sinó que és fonamental per mantenir la estabilitat dels sistemes, facilitar la presa de decisions amb confiança i conservar la confiança de les persones implicades. Aquest projecte descriu la creació d'un sistema de monitorització fiable i escalable, dissenyat curosament per respondre a les necessitats canviants d'un client en un entorn de consultoria. Mitjançant l'ús de tecnologies cloud i eines de business intelligence, el sistema automatitza el seguiment dels fluxos de dades, redueix la necessitat de comprovacions manuals i envia alertes ràpides quan es detecten incidències. Convertint les dades en informació clara i útil, aquesta solució ajuda les organitzacions no només a reaccionar ràpidament davant dels problemes, sinó també a preparar-s'hi, elevant l'estàndard de gestió dels sistemes digitals complexos.</subfield>
   </datafield>
   <datafield ind2=" " ind1=" " tag="520">
      <subfield code="a">In today's world, where data drives every decision, organizations rely on advanced digital systems to collect, process, and analyze large amounts of information. As these systems grow and become more complex, it is essential to have strong monitoring tools that can quickly spot problems and provide real-time insight into important processes. Effective monitoring is no longer optional, it is key to keeping systems stable, supporting confident decision-making, and maintaining the trust of stakeholders. This project describes the creation of a reliable, scalable monitoring system, carefully designed to address the changing needs of a client in a consulting environment. Using cloud computing and business intelligence tools, the system automates the tracking of data workflows, reduces the need for manual checks, and sends timely alerts when issues occur. By turning data into clear and useful information, this solution helps organizations not only react quickly to issues but also prepare for them, raising the bar for how businesses manage complex digital systems.</subfield>
   </datafield>
   <datafield ind1="8" ind2=" " tag="024">
      <subfield code="a">http://hdl.handle.net/2117/449273</subfield>
   </datafield>
   <datafield tag="653" ind2=" " ind1=" ">
      <subfield code="a">Àrees temàtiques de la UPC::Informàtica::Sistemes d'informació</subfield>
   </datafield>
   <datafield tag="653" ind2=" " ind1=" ">
      <subfield code="a">Information storage and retrieval systems</subfield>
   </datafield>
   <datafield tag="653" ind2=" " ind1=" ">
      <subfield code="a">Monitoratge de dades</subfield>
   </datafield>
   <datafield tag="653" ind2=" " ind1=" ">
      <subfield code="a">automatització</subfield>
   </datafield>
   <datafield tag="653" ind2=" " ind1=" ">
      <subfield code="a">fluxos de dades</subfield>
   </datafield>
   <datafield tag="653" ind2=" " ind1=" ">
      <subfield code="a">intel·ligència empresarial</subfield>
   </datafield>
   <datafield tag="653" ind2=" " ind1=" ">
      <subfield code="a">computació al núvol</subfield>
   </datafield>
   <datafield tag="653" ind2=" " ind1=" ">
      <subfield code="a">consultoria</subfield>
   </datafield>
   <datafield tag="653" ind2=" " ind1=" ">
      <subfield code="a">Data monitoring</subfield>
   </datafield>
   <datafield tag="653" ind2=" " ind1=" ">
      <subfield code="a">automation</subfield>
   </datafield>
   <datafield tag="653" ind2=" " ind1=" ">
      <subfield code="a">data workflows</subfield>
   </datafield>
   <datafield tag="653" ind2=" " ind1=" ">
      <subfield code="a">business intelligence</subfield>
   </datafield>
   <datafield tag="653" ind2=" " ind1=" ">
      <subfield code="a">cloud computing</subfield>
   </datafield>
   <datafield tag="653" ind2=" " ind1=" ">
      <subfield code="a">consulting</subfield>
   </datafield>
   <datafield tag="653" ind2=" " ind1=" ">
      <subfield code="a">Informació--Sistemes d'emmagatzematge i recuperació</subfield>
   </datafield>
   <datafield ind2="0" ind1="0" tag="245">
      <subfield code="a">Automated monitoring of an ETL process in the automotive industry</subfield>
   </datafield>
</record></metadata></record></GetRecord></OAI-PMH>